| 000 | 00837cam a22002653a 4500 | ||
|---|---|---|---|
| 001 | 28491 | ||
| 003 | PGUSA | ||
| 005 | 20140828083620.0 | ||
| 008 | 090404s2009||||xxu|||||s|||||000 | eng d | ||
| 040 |
_aPGUSA _beng |
||
| 042 | _adc | ||
| 050 | 4 | _aTX | |
| 100 | 1 | _aMcCulloch-Williams, Martha | |
| 245 | 1 | 0 |
_aDishes and Beverages of the Old South _h[electronic resource] / _cMartha McCulloch-Williams |
| 260 |
_bProject Gutenberg, _c2009 |
||
| 506 | _aPublic domain in the USA. | ||
| 516 | _aElectronic text | ||
| 653 | _aBeverages -- Southern States | ||
| 653 | _aSouthern States -- Social life and customs -- 1865- | ||
| 653 | _aCooking, American -- Southern style | ||
| 740 | 0 | _aDishes and Beverages of the Old South | |
| 830 | 0 |
_aProject Gutenberg _v28491 |
|
| 856 | 4 | 0 | _uhttp://www.gutenberg.org/ebooks/28491 |
| 942 | _cEB | ||
| 999 |
_c257746 _d257746 |
||